[Event "23rd Alekhine FIDE 2019"]
[Site "Voronezh"]
[Date "2019.06.17"]
[Round "6.7"]
[White "Bujakevich, Aleksandr"]
[Black "Abramov, Ilya"]
[Result "1/2-1/2"]
[WhiteElo "2025"]
[BlackElo "2098"]
[Annotator "NA RC"]
[PlyCount "109"]
[EventDate "2019.06.12"]
[EventType "swiss"]
[EventCountry "RUS"]
[SourceTitle "playchess.com"]
[Source "ChessBase"]
[SourceQuality "1"]
[TimeControl "40/5400+30:1800+30"]

1. e4 {[%emt 0:00:00]} e6 {[%emt 0:00:00]} 2. d4 {[%emt 0:00:00]} d5 {[%emt 0:00:00]} 3. Nd2 {[%emt 0:00:00]} Nf6 {[%emt 0:00:05]} 4. e5 {[%emt 0:00:00]} Nfd7 {[%emt 0:00:05]} 5. Bd3 {[%emt 0:00:27]} c5 {[%emt 0:00:12]} 6. c3 {[%emt 0:00:08]} Nc6 {[%emt 0:00:06]} 7. Ne2 {[%emt 0:01:01]} cxd4 {[%emt 0:00:11]} 8. cxd4 {[%emt 0:00:08]} f6 {[%emt 0:00:06]} 9. exf6 {[%emt 0:00:42]} Nxf6 {[%emt 0:00:07]} 10. Nf3 {[%emt 0:02:30]} Bd6 {[%emt 0:00:20]} 11. O-O {[%emt 0:04:31]} O-O {[%emt 0:00:09]} 12. Bf4 {[%emt 0:02:20]} Bxf4 {[%emt 0:00:56]} 13. Nxf4 {[%emt 0:00:03]} Ng4 {[%emt 0:01:02]} 14. g3 {[%emt 0:03:04]} g5 {[%emt 0:06:30] C06: French Tarrasch: 3...Nf6 4 e5 Nfd7 5 Bd3 main lines} 15. Ng2 {[%emt 0:25:25]} (15. Nh3 e5 16. dxe5 h6 17. Re1 Kg7 18. Bb5 Ne7 19. e6 Nf6 20. Nd4 Qb6 21. Rc1 Ne4 22. Kg2 {1-0 (73) Bocharov,I (2565)-Volkov,S (2547) Kazan 2018}) 15... e5 {[%emt 0:09:01]} 16. dxe5 $146 {[%emt 0:05:50]} ({Predecessor:} 16. Nxe5 Ncxe5 17. dxe5 Nxe5 18. Be2 Be6 19. Qd2 Nc6 20. Rad1 d4 21. b3 Kh8 22. f4 {1-0 (41) Low,G-Kaminik,A (2179) Bad Wiessee 1999}) 16... Ngxe5 {[%emt 0:01:57]} 17. Be2 {[%emt 0:01:03]} Bh3 {[%emt 0:02:09]} 18. Nxe5 {[%emt 0:05:20]} Nxe5 {[%emt 0:00:08]} 19. f4 {[%emt 0:05:17]} Bxg2 {[%emt 0:05:33]} 20. Kxg2 {[%emt 0:00:28]} gxf4 {[%emt 0:00:07]} 21. Rxf4 {[%emt 0:03:55]} Rxf4 {[%emt 0:02:23]} 22. gxf4 {[%emt 0:00:17]} Ng6 {[%emt 0:08:57]} 23. Qd4 {[%emt 0:02:20]} Qd6 {[%emt 0:07:03]} 24. Rf1 {[%emt 0:03:20]} Rf8 {[%emt 0:02:39]} 25. f5 {[%emt 0:02:32]} Qe5 {[%emt 0:00:28]} 26. Qxe5 {[%emt 0:04:44]} Nxe5 {[%emt 0:00:09]} 27. Kg3 {[%emt 0:09:26]} Kg7 {[%emt 0:01:23]} 28. Kf4 {[%emt 0:04:44]} Kf6 {[%emt 0:00:32]} 29. Rd1 {[%emt 0:01:16]} Rd8 {[%emt 0:01:44]} 30. Rd4 {[%emt 0:01:10]} Nc6 {[%emt 0:02:02]} 31. Rd3 {[%emt 0:00:45]} d4 {[%emt 0:05:34]} 32. Rh3 {[%emt 0:02:14]} Rd5 {[%emt 0:13:12]} 33. Bd3 {[%emt 0:04:45]} Nb4 {[%emt 0:00:22]} 34. Be4 {[%emt 0:00:56]} Rd7 {[%emt 0:00:16]} 35. a3 {[%emt 0:01:49]} d3 {[%emt 0:02:44]} 36. axb4 {[%emt 0:00:38]} d2 {[%emt 0:00:02]} 37. Bc2 {[%emt 0:01:10]} d1=Q {[%emt 0:00:22]} 38. Bxd1 {[%emt 0:00:35]} Rxd1 {[%emt 0:00:02]} 39. Rh6+ {[%emt 0:02:33]} Kg7 {[%emt 0:00:08]} 40. Re6 {[%emt 0:00:07]} Rd2 {[%emt 0:01:08]} 41. Re7+ {[%emt 0:30:35]} Kf6 {[%emt 0:30:06]} 42. Rxb7 {[%emt 0:01:51]} Rxb2 {[%emt 0:00:23]} 43. h4 {[%emt 0:00:04]} h5 {[%emt 0:00:45]} 44. Rb8 {[%emt 0:01:04]} Rg2 {[%emt 0:01:23]} 45. Rf8+ {[%emt 0:00:21]} Kg7 {[%emt 0:01:28]} 46. Ra8 {[%emt 0:00:06]} Rg4+ {[%emt 0:00:11]} 47. Ke5 {[%emt 0:00:02]} Rxb4 {[%emt 0:00:08]} 48. Rxa7+ {[%emt 0:00:13]} Kg8 {[%emt 0:00:42]} 49. Kf6 {[%emt 0:00:42]} Rxh4 {[%emt 0:00:42]} 50. Ra8+ {[%emt 0:00:52]} Kh7 {[%emt 0:00:02]} 51. Kg5 {[%emt 0:00:49]} Rh1 {[%emt 0:01:36]} 52. f6 {[%emt 0:00:19]} Rf1 {[%emt 0:00:14]} 53. Ra7+ {[%emt 0:00:15]} Kg8 $11 {[%emt 0:00:09]} 54. Ra8+ {[%emt 0:00:19]} Kf7 {[%emt 0:00:17]} 55. Ra7+ 1/2-1/2

[Event "23rd Alekhine FIDE 2019"]
[Site "Voronezh"]
[Date "2019.06.17"]
[Round "6.8"]
[White "Popov, Maksim"]
[Black "Mikhnenko, Alexander"]
[Result "0-1"]
[WhiteElo "2014"]
[BlackElo "2052"]
[Annotator "NA RC"]
[PlyCount "84"]
[EventDate "2019.06.12"]
[EventType "swiss"]
[EventCountry "RUS"]
[SourceTitle "playchess.com"]
[Source "ChessBase"]
[SourceQuality "1"]
[TimeControl "40/5400+30:1800+30"]

1. Nf3 {[%emt 0:00:00]} d5 {[%emt 0:05:02]} 2. c4 {[%emt 0:00:00]} e6 {[%emt 0:00:03]} 3. e3 {[%emt 0:00:00]} dxc4 {[%emt 0:00:13]} 4. Bxc4 {[%emt 0:00:00]} Nf6 {[%emt 0:00:03]} 5. a3 {[%emt 0:01:33]} a6 {[%emt 0:00:25]} 6. Nc3 {[%emt 0:05:18]} c5 {[%emt 0:02:19]} 7. d4 {[%emt 0:01:42]} b5 {[%emt 0:00:46]} 8. Be2 {[%emt 0:00:10] D40: Queen's Gambit Declined: Semi-Tarrasch with 5 e3} (8. Ba2 Bb7 9. O-O Nbd7 10. Qe2 Qb8 11. Rd1 Bd6 12. h3 O-O 13. dxc5 Nxc5 14. b4 Ncd7 15. Bb2 Rc8 16. Rac1 Ne5 17. Nxe5 Bxe5 18. Bb1 {0-1 (46) Melkumyan,H (2670)-Yilmaz,M (2636) St Petersburg 2018}) 8... Bb7 {[%emt 0:01:44]} 9. O-O {[%emt 0:00:40]} Nbd7 {[%emt 0:01:11]} 10. Qc2 {[%emt 0:09:56]} (10. dxc5 $11 Bxc5 11. b4) 10... Rc8 {[%emt 0:01:00]} 11. Rd1 {[%emt 0:01:29]} Qc7 {[%emt 0:01:59]} 12. Bd2 {[%emt 0:02:20]} Bd6 $146 {[%emt 0:13:10]} ({Predecessor:} 12... cxd4 13. Nxd4 Bd6 14. g3 O-O 15. Rac1 Ne5 16. Qb1 Qb8 {0-1 (32) Frost,E (1963)-Koehler,J (2181) ICCF email 2009}) 13. h3 {[%emt 0:02:12]} O-O {[%emt 0:01:20]} 14. Rac1 {[%emt 0:00:24]} Rfd8 {[%emt 0:05:22]} 15. Qb1 {[%emt 0:00:42]} Qb6 {[%emt 0:03:15]} 16. dxc5 {[%emt 0:11:09]} Nxc5 {[%emt 0:03:08]} 17. b4 {[%emt 0:00:18]} Nce4 {[%emt 0:00:44]} 18. Nxe4 {[%emt 0:00:08]} Nxe4 {[%emt 0:07:17]} 19. Bd3 {[%emt 0:01:52]} Rxc1 {[%emt 0:13:02]} 20. Rxc1 {[%emt 0:00:45]} f5 {[%emt 0:03:49]} 21. Qb2 {[%emt 0:15:18]} Nxd2 {[%emt 0:01:59]} 22. Nxd2 {[%emt 0:02:19]} Bb8 {[%emt 0:01:40]} 23. Bb1 {[%emt 0:04:22]} Qd6 {[%emt 0:01:26]} 24. Nf1 {[%emt 0:00:45]} Rc8 {[%emt 0:02:15]} 25. Rxc8+ {[%emt 0:01:25]} Bxc8 {[%emt 0:00:04]} 26. Qc2 {[%emt 0:00:37]} Bb7 {[%emt 0:00:20]} 27. Ba2 {[%emt 0:00:14]} Kf8 {[%emt 0:02:41]} 28. f4 {[%emt 0:06:38]} Ba7 {[%emt 0:03:49]} 29. Kh1 {[%emt 0:02:29]} Ke7 {[%emt 0:01:32]} 30. Qc3 {[%emt 0:00:18]} Kf7 {[%emt 0:00:21]} 31. Ng3 {[%emt 0:02:17]} Kg6 {[%emt 0:05:52]} 32. h4 $2 {[%emt 0:02:16]} (32. Bb3 $11) 32... h6 {[%emt 0:02:32]} 33. Kh2 {[%emt 0:02:57]} Kh7 {[%emt 0:01:06]} 34. Nh5 {[%emt 0:01:15]} Qe7 {[%emt 0:01:56]} 35. Kh3 {[%emt 0:00:48]} Qf7 {[%emt 0:00:30]} 36. Ng3 {[%emt 0:00:38]} Qg6 $19 {[%emt 0:00:49]} 37. Kh2 {[%emt 0:01:55]} Qg4 {[%emt 0:00:51]} 38. Qe1 {[%emt 0:00:40]} Qxh4+ {[%emt 0:00:08]} 39. Kg1 {[%emt 0:00:05]} Qxf4 {[%emt 0:00:17]} 40. Nf1 {[%emt 0:00:53]} Qe4 {[%emt 0:01:40]} 41. Qe2 {[%emt 0:30:37]} Bd5 {[%emt 0:33:43]} 42. Bxd5 {[%emt 0:00:17]} exd5 {[%emt 0:00:40]} 0-1

[Event "23rd Alekhine FIDE 2019"]
[Site "Voronezh"]
[Date "2019.06.17"]
[Round "6.9"]
[White "Chernov, Vladimir S"]
[Black "Zhileykin, Andrey"]
[Result "1/2-1/2"]
[WhiteElo "1999"]
[BlackElo "2193"]
[Annotator "TA"]
[PlyCount "117"]
[EventDate "2019.06.12"]
[EventType "swiss"]
[EventCountry "RUS"]
[SourceTitle "playchess.com"]
[Source "ChessBase"]
[SourceQuality "1"]

{[%evp 23,117,52,65,28,37,27,25,27,39,31,117,109,86,37,37,8,17,25,23,-18,-29,-25,-14,-18,-18,-36,-29,-39,-25,-84,-73,-70,-8,-8,174,150,150,135,159,159,174,175,181,135,148,135,231,134,193,97,128,8,8,8,8,0,0,0,11,11,8,14,20,14,14,14,36,4,14,8,34,0,77,0,0,0,14,0,0,0,0,0,0,0,0,0,0,0,0,0,0,0,0,0,0,0]} 1. d4 Nf6 2. c4 c5 3. d5 b5 4. cxb5 a6 5. bxa6 g6 6. Nc3 Bxa6 7. e4 Bxf1 8. Kxf1 d6 9. g3 Bg7 10. Kg2 O-O 11. Nge2 Qb6 12. Rb1 Na6 13. Be3 $146 {A59: Benko/Volga Gambit: White castles by hand} ({Predecessor:} 13. b3 Nc7 14. Qc2 e6 15. Rd1 exd5 16. Nxd5 Nfxd5 17. exd5 Qb7 18. Kg1 Nxd5 19. Qe4 Rfe8 20. Qxd5 Qxd5 21. Rxd5 Rxe2 22. Be3 {½-½ (22) Ippolito,D (2477)-Fedorowicz,J (2440) ICC INT 2011}) 13... Ng4 14. Qd2 Nxe3+ 15. Qxe3 {White has an edge.} Qb7 16. h4 Nb4 (16... c4 $14) 17. a3 $16 Nc2 18. Qd2 Nd4 19. Nxd4 Bxd4 20. h5 Qb3 21. Rh3 Bxc3 22. Qxc3 Rxa3 23. g4 Rb8 {Threatens to win with ...Qxc3.} 24. bxa3 {Threatening mate with h6.} Qxb1 $11 {[%mdl 4096] Endgame KQR-KQR} 25. Qe3 Qa1 26. Rh1 (26. hxg6 $11 {keeps the balance.} hxg6 27. Qh6) 26... Qe5 $17 27. g5 c4 (27... gxh5 $15 28. Rxh5 Rb1) 28. Rc1 $1 $40 {[%mdl 128] Black needs to defend precisely.} Rb3 $2 {[#]} (28... h6 $11 {and Black stays safe.} 29. Rxc4 gxh5) 29. Rxc4 $1 $18 {[%mdl 512] Rc8+ would kill now.} Rb8 ({And not} 29... Rxe3 30. Rc8+ Kg7 31. h6#) 30. h6 $1 f6 31. gxf6 Qxf6 {[#]} 32. Qg3 $1 Rb2 33. Rc8+ Kf7 34. Rc3 Qd4 (34... Ke8 $16 {is a better defense.}) 35. Rf3+ ({White should try} 35. Qf4+ $18 Qf6 36. Qg3) 35... Ke8 $16 36. Qg4 ({White should play} 36. Qf4 $18 {aiming for Qc1.} Qd2 37. Qf7+ {[%mdl 64] Double Attack} Kd8 38. Qg8+ (38. Qxh7 Qg5+ 39. Rg3 Qf6 $16) 38... Kc7 39. Qxh7 (39. Qe8 Qg5+ 40. Rg3 Qf6 $11) 39... Qg5+ 40. Rg3) 36... Rc2 {[#]} 37. Qe6 (37. Qf4 $1 $16 {[%cal Rf4f7]} Kd8 38. Qe3 Qxe3 39. Rxe3) 37... Qd2 $1 $11 38. Qf7+ Kd7 39. Qe6+ Ke8 40. Qf7+ (40. Qg8+ {looks sharper.} Kd7 41. Qb8 Qg5+ 42. Rg3 Qh4 43. Qa7+) 40... Kd7 41. Qf4 Qxf4 42. Rxf4 {Rf7 is the strong threat. KR-KR} Ke8 $1 43. Rf3 Rc4 $1 44. Re3 Kf7 45. f4 Kf6 46. Kf3 Rc1 47. a4 Rf1+ (47... Ra1 $11) 48. Kg3 (48. Kg4 $16) 48... Rg1+ {The position is equal.} 49. Kf3 {Black must now prevent Ra3.} Ra1 50. e5+ Kf5 51. exd6 exd6 52. Re7 {[%cal Re7f7]} Ra3+ 53. Kg2 Kxf4 54. Rxh7 {Strongly threatening Rf7+.} Kg5 55. Rd7 {Hoping for h7.} Kxh6 56. Rxd6 Rxa4 57. Rd8 Kg5 58. d6 Kf6 59. Kf3 {Accuracy: White = 44%, Black = 61%.} 1/2-1/2

[Event "23rd Alekhine FIDE 2019"]
[Site "Voronezh"]
[Date "2019.06.17"]
[Round "6.10"]
[White "Eliseev, Mikhail"]
[Black "Chuklin, Ivan"]
[Result "1-0"]
[WhiteElo "2169"]
[BlackElo "1978"]
[Annotator "TA"]
[PlyCount "55"]
[EventDate "2019.06.12"]
[EventType "swiss"]
[EventCountry "RUS"]
[SourceTitle "playchess.com"]
[Source "ChessBase"]
[SourceQuality "1"]

{[%evp 16,55,0,-1,0,-7,2,-16,0,-20,-4,-23,-34,-43,-27,-29,-31,-43,34,49,39,44,50,47,253,251,285,272,354,334,296,256,389,386,400,406,862,856,1333,1244,29992,29993]} 1. e4 c5 2. Nc3 Nc6 3. f4 g6 4. Nf3 Bg7 5. Bb5 Nd4 6. O-O Nxb5 7. Nxb5 d6 8. Nc3 Nf6 9. d3 b6 {B23: Closed Sicilian: Lines without g3} (9... O-O 10. Qe1 Bd7 11. Qh4 Rc8 12. Bd2 e6 13. a4 c4 14. Be3 cxd3 15. cxd3 Qa5 16. Bd4 Nh5 17. Bxg7 Kxg7 {½-½ (30) Stephan,J (2502)-Matei,C (2542) ICCF email 2008}) 10. Qe1 Bb7 11. Rb1 $146 ({Predecessor:} 11. a4 Qd7 12. Bd2 O-O 13. f5 a6 14. Qg3 b5 15. Qh3 c4 16. Bh6 b4 17. Bxg7 Kxg7 {½-½ (54) Ellis,M (2130)-Corujedo Hernandez,R (2149) ICCF email 2013}) 11... Qd7 {The position is equal.} 12. Bd2 O-O 13. Nd1 Rac8 14. Ne3 Ng4 15. f5 Nxe3 16. Bxe3 f6 (16... d5 $15 17. Qh4 dxe4 18. dxe4 gxf5) 17. fxg6 $14 hxg6 18. Qg3 g5 19. h4 gxh4 $2 {[#]} (19... d5 $1 $14) 20. Nxh4 $18 e6 21. Ng6 Rf7 22. Rf4 f5 23. Rbf1 c4 (23... Re8 {is a better defense.} 24. Rh4 fxe4) 24. exf5 exf5 25. Nh4 {[%cal Rh4f5]} Rcf8 (25... cxd3 $142 26. Nxf5 Rxf5 27. Rxf5 dxc2) 26. Bd4 Qc6 27. Rxf5 {[#] White wants to mate with Bxg7.} Qd7 28. Bxg7 {Accuracy: White = 85%, Black = 28%.} 1-0

[Event "23rd Alekhine FIDE 2019"]
[Site "Voronezh"]
[Date "2019.06.17"]
[Round "6.11"]
[White "Shaydullina, Sandugach"]
[Black "Bukatin, Arseny"]
[Result "1/2-1/2"]
[WhiteElo "2128"]
[BlackElo "2024"]
[Annotator "TA"]
[PlyCount "94"]
[EventDate "2019.06.12"]
[EventType "swiss"]
[EventCountry "RUS"]
[SourceTitle "playchess.com"]
[Source "ChessBase"]
[SourceQuality "1"]

{[%evp 15,94,9,24,0,0,0,9,0,0,0,27,0,0,-10,6,0,26,0,0,-11,0,-20,-25,-144,-145,-172,-166,-186,-177,-277,-270,-331,-338,-618,-431,-650,-614,-648,-629,-708,-637,-673,-1521,-1324,-1322,-958,-1266,-821,-1143,-1995,-2060,-1767,-1575,-1544,-1518,-1529,-1514,-1212,-24,-959,0,0,0,0,0,0,0,0,0,0,0,0,0,0,0,0,0,0,0,0,0]} 1. d4 d5 2. Nf3 e6 3. c4 Nf6 4. g3 Bb4+ 5. Bd2 Be7 6. Bg2 O-O 7. O-O c6 8. Qc2 Nbd7 9. a4 {E11: Bogo-Indian} (9. Bf4 b6 10. Rd1 Ba6 11. cxd5 cxd5 12. Ne5 Nxe5 13. dxe5 Ng4 14. h3 g5 15. Bxg5 Nxe5 16. Bxe7 Qxe7 17. e4 dxe4 18. Qxe4 {½-½ (32) Yu,Y (2751)-Ding,L (2809) Shenzhen 2019}) 9... a5 10. Rc1 Ne4 11. Be1 f5 12. e3 Bf6 $146 (12... g5 {seems wilder.} 13. Nc3 Bd6 14. h3 Qe7 15. Rab1 Qf6) ({Predecessor:} 12... Kh8 13. Nbd2 Bd6 14. Qd1 Qe7 15. Nb3 {0-1 (45) Boros,D (2442)-Stukopin,A (2565) Burlingame 2019}) 13. Nbd2 (13. Nc3 {with more complications.} Qe7 14. Ne2 g5 15. Nd2 b6 16. b4) 13... g5 14. Nxe4 fxe4 15. Nd2 Bg7 16. Bh3 Nf6 {[%cal Bd7f6,Bf6h7,Bh7g5,Bg5f3][%mdl 32]} 17. Nb3 g4 18. Bg2 h5 19. Qd2 (19. Bc3 $1 $11 {keeps the balance.}) 19... Nh7 $1 $17 20. Nxa5 Ng5 21. b4 h4 22. Qd1 (22. Kh1 $142) 22... Nf3+ $1 $19 23. Bxf3 gxf3 24. Bc3 $2 (24. b5 Rxa5 25. cxd5) 24... Qg5 25. Qf1 (25. Ra2 $142 hxg3 26. fxg3) 25... hxg3 {...g2 is the strong threat.} 26. Qh3 gxh2+ ({Weaker is} 26... gxf2+ 27. Kxf2 e5 28. Qg3 $19) 27. Kh1 e5 28. Qxh2 {[%cal Rd4e5]} Kf7 (28... Rf6 $142 29. Rg1 Bg4 30. Rxg4 Qxg4) 29. Rg1 Bg4 30. Rxg4 Qxg4 31. Rg1 Qf5 {Threatens to win with ...Rh8!} 32. Nxb7 {[#]} Rh8 $1 {[%cal Rh8h2]} 33. Nd6+ {[#]} Ke6 $1 34. Nxf5 Rxh2+ 35. Kxh2 Rh8+ 36. Nh4 Rxh4+ {[%mdl 4096] Endgame KRB-KRB} 37. Kg3 {[#]} Rh6 $2 (37... Bf6 $1 $19 38. cxd5+ cxd5 39. dxe5 Bg5) 38. cxd5+ {The position is equal.} cxd5 {aiming for ...Bf8.} 39. dxe5 $1 Kf5 {Strongly threatening ...Bf8.} 40. Rd1 {Black must now prevent b5.} Rg6+ 41. Kh3 Rh6+ 42. Kg3 Rg6+ 43. Kh3 Rh6+ 44. Kg3 {And now b5 would win.} Rg6+ 45. Kh3 Rh6+ 46. Kg3 {Hoping for b5.} Rg6+ 47. Kh3 Rh6+ {Accuracy: White = 45%, Black = 78%.} 1/2-1/2

[Event "23rd Alekhine FIDE 2019"]
[Site "Voronezh"]
[Date "2019.06.17"]
[Round "6.12"]
[White "Manukovsky, Vladimir"]
[Black "Shestakova, Ekaterina"]
[Result "1-0"]
[WhiteElo "2107"]
[BlackElo "1950"]
[Annotator "TA"]
[PlyCount "45"]
[EventDate "2019.06.12"]
[EventType "swiss"]
[EventCountry "RUS"]
[SourceTitle "playchess.com"]
[Source "ChessBase"]
[SourceQuality "1"]

{[%evp 16,45,-25,-40,-39,-42,-48,-54,-54,-70,-3,-14,0,0,0,0,25,33,42,12,12,17,38,0,14,-42,-45,-48,-38,-45,-44,-33]} 1. e4 c5 2. Nc3 Nc6 3. f4 e6 4. Nf3 d5 5. Bb5 Nge7 6. O-O a6 7. Be2 g6 8. d3 Bg7 9. Qe1 O-O {B21: Sicilian: 2 f4 and Morra Gambit} 10. Kh1 $146 ({Predecessor:} 10. Qh4 Nd4 11. Bd1 Nec6 12. Qxd8 Rxd8 13. Na4 b5 14. Nb6 Rb8 15. Nxc8 Rbxc8 16. Nxd4 Bxd4+ 17. Kh1 {0-1 (35) Palkovich,D (2150)-Jobava,B (2708) Sochi 2014}) 10... Nd4 11. Nxd4 cxd4 12. Nb1 dxe4 ({Black should play} 12... Bd7 $15) 13. dxe4 $11 b5 14. Nd2 Bb7 15. a4 b4 16. Bd3 Rc8 17. Nf3 a5 18. b3 Nc6 19. Bb2 e5 20. Nxe5 (20. Bc1 $11) 20... Nxe5 $15 {Black is slightly better.} 21. fxe5 Bxe5 22. Rd1 $1 Qd6 23. Qh4 {[%mdl 32768] Accuracy: White = 47%, Black = 39%. . Loss on time!?} 1-0

[Event "23rd Alekhine FIDE 2019"]
[Site "Voronezh"]
[Date "2019.06.17"]
[Round "6.13"]
[White "Kasantsev, Anatolij B."]
[Black "Gorshkov, Yury S."]
[Result "0-1"]
[WhiteElo "1941"]
[BlackElo "2103"]
[Annotator "TA"]
[PlyCount "92"]
[EventDate "2019.06.12"]
[EventType "swiss"]
[EventCountry "RUS"]
[SourceTitle "playchess.com"]
[Source "ChessBase"]
[SourceQuality "1"]

{[%evp 10,92,5,9,43,37,44,22,38,-10,20,8,7,18,32,-39,-37,-82,-77,-82,-72,-75,-78,-149,-149,-152,-150,-141,-101,-145,-116,-160,-160,-222,-232,-247,-219,-228,-215,-217,-211,-247,-243,-262,-271,-265,-258,-268,-268,-259,-254,-434,-433,-427,-427,-426,-366,-425,-425,-414,-402,-722,-706,-697,-672,-917,-947,-700,-1023,-963,-980,-865,-854,-720,-412,-762,-769,-1129,-873,-1755,-679,-29982,-29983,-29983,-29983]} 1. d4 e6 2. c4 b6 3. Nc3 Bb7 4. e4 Bb4 5. Qc2 Qh4 6. Bd3 Bxc3+ {A40: Unusual replies to 1 d4} (6... f5 $5) (6... f5 7. g3 Qh5 8. Bd2 Nf6 9. f3 Nc6 10. Nb5 O-O 11. e5 a6 12. exf6 axb5 13. fxg7 Rfe8 14. Ne2 bxc4 15. Bxc4 Bxd2+ 16. Qxd2 Na5 17. Bb5 Nb3 18. Qe3 Nxa1 {0-1 (18) Vuckovic,B (2499)-Ivanisevic,I (2648) Belgrade 2014}) 7. bxc3 f5 {[%cal Rb7e4]} 8. g3 $1 {[%cal Rg3h4]} Qh5 {The position is equal.} 9. Be2 Qg6 $146 ({Predecessor:} 9... Qf7 10. Bf3 fxe4 11. Bxe4 Nc6 12. Nh3 Nf6 13. Ng5 Qe7 14. Bf3 {0-1 (34) Bohati,T (2266)-Zvarik,M (2254) Slovakia 2018}) 10. exf5 Qxf5 11. Qxf5 exf5 12. Bf3 (12. f3 $14) 12... Nc6 $15 {[%cal Bb8c6,Bc6a5,Ba5c4][%mdl 32]} 13. Be3 Nf6 14. Ne2 O-O-O 15. O-O Rde8 16. Rfe1 (16. Bxc6 $142 dxc6 17. Rfe1) 16... Na5 $17 17. Bxb7+ Kxb7 18. c5 Nd5 19. cxb6 axb6 20. Bf4 Nc4 21. Rab1 (21. Kf1 $17) 21... Re6 $19 22. Rbd1 Rhe8 23. Kf1 c6 24. Bc1 b5 25. h4 g6 26. h5 gxh5 27. Nf4 Rxe1+ ({Weaker is} 27... Nxc3 28. Nxe6 dxe6 29. Rd3 $15) 28. Rxe1 Rxe1+ 29. Kxe1 Nxc3 30. Nxh5 $2 {[#]} (30. a3) 30... Nxa2 31. Kd1 Nxc1 32. Kxc1 {[%mdl 4096] Endgame KN-KN} Nd6 33. f3 Ne8 34. Nf4 Kc7 35. g4 (35. Ng2 $142) 35... fxg4 36. fxg4 Ng7 37. Nh3 Ne6 38. Kd2 Kd6 39. Kd3 Kd5 40. Nf2 b4 41. Ne4 Nf8 42. g5 (42. Nf6+ $142 Ke6 43. Ne4) 42... Ke6 43. Nf6 Kf5 44. Kc4 Kxg5 (44... d5+ $142 45. Kb3 Kxg5) 45. Nxh7+ Nxh7 46. Kxb4 Kf5 {Accuracy: White = 28%, Black = 72%.} 0-1